| 000 | 00690nam a2200229Ia 4500 | ||
|---|---|---|---|
| 003 | 0100 | ||
| 008 | 130303s9999 xx 000 0 und d | ||
| 020 | _a0691037132 | ||
| 040 | _cARRUPELIB | ||
| 050 | _aBL65.W2E74 1996 | ||
| 245 | 4 | _aThe ethics of war and peace | |
| 245 | _breligious and secular perspectives | ||
| 260 | _aPrinceton | ||
| 260 | _bPrinceton University Press | ||
| 260 | _C1996 | ||
| 300 | _ax | ||
| 300 | _b 286p. 25cm. | ||
| 440 | _aThe Ethikon series | ||
| 650 | _bThomas, Becket, Saint, 1118?-1170 --fiction Great Britain --history --Henry II, 1154-1189 --fiction Biographical fiction Historical fiction | ||
| 700 | _aNardin, Terry (ed.) | ||
| 942 | 0 | 0 | _03 |
| 999 |
_c12031 _d12031 |
||